Prénoms de filles par la lettre A - Statistiques

Statistiques générales
  • Ce quiz a été pris 1 958 fois
  • Le résultat moyen est 39 sur 500
Statistiques - réponses
Réponse % Correct
Anne/Ann
84%
Anna/Ana/Annah
81%
Alice/Alys
72%
Amal
69%
Amel/Amelle/Amèle
69%
Ael
61%
Alicia/Alycia/Alyssia/Alissia/Alicya
59%
Amélie/Amély
57%
Annie/Anny/Any/Anie
52%
Aure
49%
Amandine
46%
Alexa
45%
Aline
45%
Alya/Alia/Aaliyah/Aliya/Aliyah/Alyah/Aliah/Allya/Allyah
45%
Amélia/Amélya
45%
Anaïs/Anaïse
45%
Aurélie
45%
Ambre
43%
Apolline/Appoline/Apoline
42%
Aria/Arya
42%
Adèle
40%
Aurore
40%
Agathe/Agate
39%
Alba
39%
Ava
39%
Alexandra/Aleksandra
38%
Amy/Aimie
37%
Anaé/Annaé
37%
Alexia
36%
Assia/Assya/Assiya
36%
Audrey
36%
Annabelle/Annabel/Anabel
34%
Adeline/Adelyne
33%
Alix/Alixe
33%
Aya/Ayah
32%
Aude
31%
Amina
30%
Axelle/Axèle
30%
Alizée/Alizé/Alyzée/Alyzé/Alysée/Alisée
29%
Alma
29%
Anaëlle/Annaëlle/Anael/Anaële/Annaël
29%
Angèle
29%
Andréa/Andréea
28%
Abigaëlle/Abigaïl/Abigaël/Abygaëlle/Abygaïl/Abygaël/Abbygaëlle/Abygaël
27%
Alina/Alyna
27%
Angélique
27%
Annick/Anick/Annik/Anik/Annic/
26%
Astrid/Astride
26%
Athéna
26%
Ariane/Arianne
25%
Adéla
24%
Anastasia/Anasthasia/Anastacia
24%
Ania/Anya
24%
Abby/Aby/Abbie
23%
Albane
23%
Amanda
23%
Anastassia
23%
Anouk/Anouck
23%
Arielle/Ariel
23%
Aurélia
23%
Agnès
22%
Aimy
22%
Angelina
22%
Anissa/Anyssa
22%
Anne-Marie
22%
Antoinette
22%
Armelle
22%
Andrée
21%
Ada
20%
Aïcha/Aïsha/Aysha
20%
Alison/Allison/Alisson/Alyson/Alysson/Allyson
20%
Alyssa/Alissa
20%
Augustine
20%
Adélaïde
19%
Aimée
19%
Ariana
19%
Adriana/Adrianna
17%
Anita/Anitta/Annita
17%
Anne-Sophie
17%
Agatha
16%
Amalia/Amalya
16%
Angela
16%
Angéline
16%
Alana
15%
Amira
15%
Anne-Laure
15%
Anne-Lise/Anne-Lyse
15%
Annelise/Annelyse
15%
Annette
15%
Asma/Asmaâ/Assma
14%
Albertine
13%
April
13%
Arlette
13%
Assa
13%
Awa
13%
Azel
13%
Adrienne
12%
Aglaé
12%
Alessia
12%
Alexandrine
12%
Aminata
12%
Armande
12%
Ashley
12%
Aurora
12%
Adélie
11%
Aliénor
11%
Antonia
11%
Athénaïs
11%
Amande
10%
Ameline
10%
Auriane
10%
Adélina
9%
Amaya/Amaïa
9%
Amber
9%
Angelica/Angelika
9%
Angie/Angy
9%
Anne-Claire
9%
Asia
9%
Aïda
8%
Aïna/Ayna
8%
Alberte
8%
Alexie
8%
Ambrine
8%
Amour
8%
Anabela/Annabella/Anabella
8%
Anastasie
8%
Anna-Bella
8%
Avril
8%
Aylin/Ayline
8%
Aléna
7%
Alexane
7%
Alphonsine
7%
Anaya/Anaïa
7%
Andie
7%
Anne-Lou
7%
Anouch
7%
Artémis
7%
Aube
7%
Augusta
7%
Aura
7%
Ayana/Ayanna
7%
Ayanna
7%
Aziza
7%
Azra
7%
Adama
6%
Adélia
6%
Adriane
6%
Alexandrie
6%
Alisa
6%
Aloïse
6%
Amara
6%
Anémone
6%
Anna-Maria/Ana-Maria
6%
Anne-Cécile
6%
Anne-Charlotte
6%
Anne-Louise
6%
Anouchka
6%
Ayla
6%
Alexiane
5%
Alexine
5%
Aleyna
5%
Alfreda
5%
Alima
5%
Anne-Catherine
5%
Anne-Claude
5%
Anne-France
5%
Anne-Françoise
5%
Anne-Julie
5%
Anne-Lucie
5%
Aphrodite
5%
Auréline
5%
Azélie
5%
Albine
4%
Alessandra
4%
Aliette
4%
Angélie
4%
Anne-Christine
4%
Annecy
4%
Anne-Gaël
4%
Anne-Paule
4%
Anne-Rose
4%
Anne-Thérèse
4%
Antonella
4%
Arina
4%
Assil
4%
Augustina
4%
Auriana
4%
Adina
3%
Aéla
3%
Aelia/Aélya
3%
Aelys
3%
Ahlam
3%
Aima
3%
Albina
3%
Alixia
3%
Alizéa
3%
Alvina
3%
Amani
3%
Ambra
3%
Anisa
3%
Anne-Camille
3%
Anne-Caroline
3%
Anne-Céline
3%
Anne-Chantal
3%
Anne-Elisabeth
3%
Anne-Flore
3%
Anne-Hélène
3%
Anne-Isabelle
3%
Anne-Laurence
3%
Anne-Line
3%
Anne-Marine
3%
Anne-Pauline
3%
Anne-Pierre
3%
Anne-Sarah
3%
Anne-Sylvie
3%
Anne-Valérie
3%
Anta
3%
Anthéa
3%
Antonie
3%
Antonine
3%
Ariella
3%
Armance
3%
Armandine
3%
Armony/Armonie
3%
Arwen
3%
Asya
3%
Aubane
3%
Aurélienne
3%
Aziliz/Azilis/Azilys
3%
Adaline
2%
Adja
2%
Adolphine
2%
Aïssata
2%
Akima
2%
Alaâ
2%
Alaïs
2%
Albertina
2%
Alda
2%
Alésia
2%
Alexandrina
2%
Alexina
2%
Alfredine
2%
Alida
2%
Alisha
2%
Alita
2%
Alva
2%
Alyana
2%
Alyse
2%
Amaëlle
2%
Amaria
2%
Ambroisine
2%
Amna
2%
Andra
2%
Ange-Marie
2%
Anh
2%
Anja
2%
Anna-Marie
2%
Anne-Brigitte
2%
Anne-Carole
2%
Anne-Christelle
2%
Anne-Clémence
2%
Anne-Dominique
2%
Anne-Elise
2%
Anne-Emilie
2%
Anne-Fleur
2%
Anne-Florence
2%
Anne-Frédérique
2%
Anne-Gabrielle
2%
Anne-Gaëlle
2%
Anne-Juliette
2%
Anne-Michèle
2%
Anne-Pascale
2%
Anne-Stéphanie
2%
Anne-Véronique
2%
Anne-Virginie
2%
Annie-Claude
2%
Antonina
2%
Arabelle
2%
Arlène
2%
Arwa
2%
Asmin
2%
Asna
2%
Assina
2%
Astrée
2%
Atika
2%
Aurane
2%
Auréa
2%
Auréliane
2%
Automne
2%
Auxane
2%
Ayo
2%
Ayse
2%
Azelia
2%
Azéline
2%
Azzurra
2%
Abiba
1%
Abir
1%
Abla
1%
Aélis
1%
Aénor
1%
Aéris
1%
Afaf
1%
Agrippine
1%
Ahlem
1%
Aïko
1%
Aileen
1%
Aïnhoa
1%
Aïnoa
1%
Aïssé
1%
Aïyana
1%
Akila
1%
Alabama
1%
Alaia
1%
Alejandra
1%
Aleth
1%
Alexandria
1%
Alfrede
1%
Aliciane
1%
Aloha
1%
Aloy
1%
Althéa
1%
Alwena
1%
Alwenna
1%
Amale
1%
Amance
1%
Amethyste
1%
Amicie
1%
Anaïssa
1%
Anatolie
1%
Andréia
1%
Angelita
1%
Anicée
1%
Anicette
1%
Aniela
1%
Anisha
1%
Annaïck
1%
Annaïg
1%
Anna-Louise
1%
Anna-Rose
1%
Anne-Audrey
1%
Anne-Aurélie
1%
Anne-Constance
1%
Anne-Elodie
1%
Anne-Emmanuelle
1%
Anne-Estelle
1%
Anne-Geneviève
1%
Anneliese
1%
Anne-Lorraine
1%
Anne-Maud
1%
Anne-Noëlle
1%
Anne-Solène
1%
Anne-Victoire
1%
Anne-Yvonne
1%
Annie-France
1%
Annie-Marie
1%
Annie-Pierre
1%
Annoncia
1%
Annyvonne
1%
Anthonia
1%
Antonietta
1%
Appolonie
1%
Argentine
1%
Arij
1%
Armonia
1%
Ashanti
1%
Asmae
1%
Asmina
1%
Asmine
1%
Asra
1%
Assomption
1%
Assunta
1%
Astou
1%
Aubeline
1%
Auberte
1%
Auceane
1%
Aude-Marie
1%
Aviva
1%
Awena
1%
Ayat
1%
Ayleen
1%
Azénor
1%
Azou
1%
Abibatou
0%
Abinaya
0%
Abrar
0%
Absatou
0%
Acelya
0%
Acile
0%
Adiaratou
0%
Adoration
0%
Adysson
0%
Aelig
0%
Aesa
0%
Afef
0%
Afifa
0%
Afnane
0%
Afnene
0%
Aichata
0%
Aimeline
0%
Aines
0%
Aïsatou
0%
Aïssetou
0%
Aivy
0%
Ajla
0%
Akshara
0%
Akshaya
0%
Alcidie
0%
Aldjia
0%
Alegria
0%
Alev
0%
Alimatou
0%
Alissandre
0%
Alix-Anne
0%
Allegra
0%
Almas
0%
Almasse
0%
Almaz
0%
Amabile
0%
Amanthe
0%
Amapola
0%
Amarande
0%
Amatoullah
0%
Amberly
0%
Ambrosia
0%
Amenie
0%
Aminatou
0%
Amparo
0%
Anabia
0%
Anahide
0%
Anahit
0%
Anahita
0%
Ana-Paula
0%
Anaroze
0%
Andoche
0%
Andrésine
0%
Anfal
0%
Anfel
0%
Angeles
0%
Anggun
0%
Anghjulina
0%
Anjali
0%
Anna-Christina
0%
Anna-Dea
0%
Anna-Léa
0%
Anne-Bénédicte
0%
Anne-Ségolène
0%
Anne-Sixtine
0%
Annie-Christine
0%
Annie-Claire
0%
Annie-Françoise
0%
Annonciade
0%
Annunziata
0%
Anonyme
0%
Anouche
0%
Anthinea
0%
Antoinise
0%
Aouatef
0%
Aouatif
0%
Aouregan
0%
Arame
0%
Arantxa
0%
Arcade
0%
Archana
0%
Argitxu
0%
Arige
0%
Arije
0%
Armantine
0%
Armide
0%
Arminda
0%
Arwenn
0%
Arzu
0%
Ascension
0%
Asena
0%
Asiye
0%
Asli
0%
Aslihan
0%
Asmahan
0%
Asmahane
0%
Asnath
0%
Assetou
0%
Assiatou
0%
Assile
0%
Assinate
0%
Assitan
0%
Asude
0%
Athanase
0%
Aubierge
0%
Auregann
0%
Avital
0%
Awatif
0%
Ayesha
0%
Ayfer
0%
Aylis
0%
Aynur
0%
Aysegül
0%
Aysel
0%
Ayse-Nur
0%
Aysun
0%
Ayten
0%
Azucena
0%
Aucun quiz correspondant
Distribution des résultats
% des personnes avec chaque résultat
Percentile par nombre de réponses
Votre historique - résultats
Vous n’avez pas pris ce quiz